Miami Heat 2024-2025 Roster - Statistics

General Stats
  • This quiz has been taken 76 times
    28 since last reset
  • The average score is 11 of 18
Answer Stats
Jersey # Answer % Correct
13 Bam Adebayo
100%
14 Tyler Herro
100%
22 Andrew Wiggins
95%
7 Kel'el Ware
90%
55 Duncan Robinson
81%
42 Kevin Love
76%
5 Nikola Jovic
76%
11 Jaime Jaquez
67%
24 Haywood Highsmith
62%
20 Kyle Anderson
62%
9 Pelle Larsson
57%
2 Terry Rozier
57%
12 Dru Smith
52%
45 Davion Mitchell
43%
18 Alec Burks
33%
16 Keshad Johnson
29%
8 Josh Christopher
24%
4 Isaiah Stevens
10%
No matching quizzes found
Score Distribution
Percent of People with Each Score
Percentile by Number Answered
Your Score History
You have not taken this quiz since the last reset